Butlletí d'Escoles : portaveu de l'Associació Protectora de l'Ensenyança Catalana portaveu de l'Associació Protectora de l'Ensenyança Catalana
Descripción Física:
25 cm
MARC
| LEADER | 00000nam a2200000Ia 4500 | ||
|---|---|---|---|
| 008 | 160829s1907-any 1, núm. 10 (oct. 1907) xx 000 0 cat d | ||
| 008 | 160829s9999 xx 000 0 cat d | ||
| 610 | 2 | 0 | |a Associació Protectora de l'Ensenyança Catalana |v Revistes |9 56180 |
| 710 | 2 | |a Associació Protectora de l'Ensenyança Catalana |9 56179 | |
| 952 | |0 0 |1 0 |4 0 |6 3400_EXP_14 |7 1 |9 54476 |a Arxiu |b Arxiu |d 2016-12-01 |l 0 |o 3400, exp. 14 |r 2016-12-01 00:00:00 |w 2016-12-01 |y ARXIU | ||
| 999 | |c 58345 |d 58345 | ||
| 080 | |a 3400, exp. 14 | ||
| 245 | |a Butlletí d'Escoles : |b portaveu de l'Associació Protectora de l'Ensenyança Catalana | ||
| 260 | |a Barcelona : |b Impremta La Renaixensa, |c 1907 | ||
| 300 | |a 25 cm | ||
| 362 | |a Any 1, núm. 1 (gen. 1907)- | ||
| 590 | |a Periodicitat desconeguda | ||
| 650 | |a Ensenyament primari |x Catalunya |x Revistes |9 48336 | ||
| 866 | |a Any 1, 1907 (1, 2, 3, 4, 5, 6, 7, 8) | ||
| 901 | |a Arxiu | ||
| 942 | |n 1 |2 udc | ||